000 01015nam a2200229 a 4500
001 000046069
005 20250207101102.0
008 150617s2011 dr 000 0 spa d
020 _a9789945864335
040 _aDO-SdBNP
_bspa
_cBNPHU
082 _a330.97293
_bT266c
100 1 _aTejera, Eduardo J
_b1947-
_910749
245 1 0 _aComentarios sobre la economía dominicana :
_bartículos periodísticos. /
_cEduardo J. Tejera.
260 _aSanto Domingo :
_bLuz de Luna,
_c2011.
300 _a311 p. ;
_c23 cm.
590 _aInventariado, 2018/VM
650 4 _aCrisis económica
_zRepública Dominicana
_y2007-2010
_vENSAYOS, CONFERENCIAS, ETC.
_974139
651 4 _aRepública Dominicana
_xCondiciones Económicas
_y2007-2010
_vENSAYOS, CONFERENCIAS, ETC.
_974140
651 4 _aRepública Dominicana
_xAspectos Sociales
_y2007-2010
_vENSAYOS, CONFERENCIAS, ETC.
_974141
651 4 _aRepública Dominicana
_xPolítica Económica
_y3007-2010
_vENSAYOS, CONFERENCIAS, ETC.
_974142
910 _aValidado. Control de calidad MFF
999 _c45558
_d45558